Misteri lingkaran sihir

Bibliographic Details
Main Author: Badrul Hisham
Corporate Author: Title
Format: Book
Published: Kuala Lumpur : Penerbitan Fargoes , 2001
Series:Siri 3 penyiasat
Subjects:

MARC

LEADER 00000cam a2200000 7i4500
001 0000002621
005 20151222.0
008 070713
020 |a 9831513843 
090 0 0 |a JF   |b AD MAL (3530) 
100 0 |a Badrul Hisham 
245 1 0 |a Misteri lingkaran sihir   |c Badrul Hisham 
260 |a Kuala Lumpur :   |b Penerbitan Fargoes ,   |c 2001 
440 |a Siri 3 penyiasat 
500 |a Children ages 7-9 years old (orange) 
650 0 |a Adventure 
650 0 |a Junior fiction   |x Malay   |x Languages 
710 0 |a Title 
999 |a 0000867366   |b Book   |c Children Collection   |e Cawangan Segamat 
999 |a 0000867367   |b Book   |c Children Collection   |e Cawangan Segamat 
999 |a 0000881514   |b Book   |c Children Collection   |e Cawangan Segamat 
999 |a 0000881515   |b Book   |c Children Collection   |e Cawangan Pontian 
999 |a 0000969031   |b Book   |c Children Collection   |e Perbadanan Perpustakaan Awam Johor 
999 |a 0000969032   |b Book   |c Children Collection   |e Cawangan Bandar Penawar 
999 |a 0000969033   |b Book   |c Children Collection   |e Cawangan Mersing 
999 |a 0000969034   |b Book   |c Children Collection   |e Perbadanan Perpustakaan Awam Johor